[Event "Muensterland Verbandsklasse Gr1 2223"]
[Site "Germany"]
[Date "2023.01.28"]
[Round "4.8"]
[White "Blume, Heidrun"]
[Black "Harbring, Morten"]
[Result "1/2-1/2"]
[WhiteElo "1591"]
[BlackElo "1309"]
[PlyCount "72"]
[EventDate "2022.09.17"]
[EventType "team-tourn"]
[EventRounds "5"]
[EventCountry "GER"]
[SourceTitle "EXT 2024"]
[Source "ChessBase"]
[SourceDate "2023.10.10"]
[SourceVersion "1"]
[SourceVersionDate "2023.10.10"]
[SourceQuality "1"]
[WhiteTeam "Muenster Indische Dame"]
[BlackTeam "Bocholt II"]
[WhiteTeamCountry "GER"]
[BlackTeamCountry "GER"]

1. e4 e5 2. f4 exf4 3. Nf3 d6 4. Bc4 Nc6 5. d4 Bg4 6. 0-0 Nf6 7. Nc3 Be7 8. Bxf4 Qd7 9. d5 Ne5 10. Bxe5 dxe5 11. Bb5 c6 12. dxc6 bxc6 13. Qxd7+ Bxd7 14. Ba4 Bc5+ 15. Kh1 Bd4 16. Rad1 Bxc3 17. bxc3 c5 18. Bxd7+ Nxd7 19. Rd5 Rd8 20. Nxe5 f6 21. Nxd7 Rxd7 22. Rxc5 0-0 23. Rd5 Rb7 24. Kg1 Rb2 25. c4 Rxc2 26. c5 Rc8 27. e5 fxe5 28. Rxe5 R2xc5 29. Re7 Ra5 30. Rff7 Rc1+ 31. Kf2 Rxa2+ 32. Kg3 Rc3+ 33. Rf3 Rxf3+ 34. Kxf3 h6 35. h4 Ra4 36. g3 g5 1/2-1/2

[Event "Muensterland Verbandsklasse Gr1 2223"]
[Site "Germany"]
[Date "2022.11.19"]
[Round "3.8"]
[White "Sindermann, Erwin"]
[Black "Blume, Heidrun"]
[Result "1/2-1/2"]
[WhiteElo "1698"]
[BlackElo "1591"]
[PlyCount "85"]
[EventDate "2022.09.17"]
[EventType "team-tourn"]
[EventRounds "5"]
[EventCountry "GER"]
[SourceTitle "EXT 2024"]
[Source "ChessBase"]
[SourceDate "2023.10.10"]
[SourceVersion "1"]
[SourceVersionDate "2023.10.10"]
[SourceQuality "1"]
[WhiteTeam "Duelmen II"]
[BlackTeam "Muenster Indische Dame"]
[WhiteTeamCountry "GER"]
[BlackTeamCountry "GER"]

1. e4 d5 2. exd5 Qxd5 3. Nc3 Qa5 4. d4 Nf6 5. Nf3 Bg4 6. h3 Bh5 7. g4 Bg6 8. Ne5 c6 9. Bd3 Bxd3 10. Qxd3 e6 11. Nc4 Qc7 12. Bd2 Na6 13. Ne4 0-0-0 14. Nxf6 gxf6 15. 0-0-0 Bb4 16. Bxb4 Nxb4 17. Qa3 Na6 18. Qf3 Qe7 19. a3 Rhe8 20. Qe4 f5 21. gxf5 Qg5+ 22. f4 Qxf5 23. Qxf5 exf5 24. Ne5 f6 25. Nf7 Rd7 26. Nh6 Re4 27. Rhf1 Rdxd4 28. Rxd4 Rxd4 29. Nxf5 Rd7 30. Rd1 Nc5 31. Nd6+ Kd8 32. b4 Ne6 33. Nxb7+ Kc7 34. Rxd7+ Kxd7 35. f5 Nd4 36. Nc5+ Ke7 37. Kd2 Nxf5 38. Kd3 Kd6 39. Ke4 Ng3+ 40. Kf3 Nf5 41. Ke4 Ng3+ 42. Kf3 Nf5 43. Ke4 1/2-1/2

[Event "Muensterland Verbandsklasse 1920"]
[Site "Germany"]
[Date "2020.02.29"]
[Round "7.8"]
[White "Blume, Heidrun"]
[Black "Bickmann, Bernd"]
[Result "1-0"]
[WhiteElo "1558"]
[BlackElo "1629"]
[PlyCount "113"]
[EventDate "2019.09.14"]
[EventType "team-tourn"]
[EventRounds "7"]
[EventCountry "GER"]
[SourceTitle "EXT 2023"]
[Source "ChessBase"]
[SourceDate "2022.10.05"]
[SourceVersion "1"]
[SourceVersionDate "2022.10.05"]
[SourceQuality "1"]
[WhiteTeam "Muenster Indische Dame"]
[BlackTeam "Duelmen II"]
[WhiteTeamCountry "GER"]
[BlackTeamCountry "GER"]

1. e4 c5 2. Nf3 e6 3. g3 g6 4. Bg2 Bg7 5. 0-0 Ne7 6. c3 0-0 7. d4 cxd4 8. cxd4 d6 9. h4 Nbc6 10. Nc3 a6 11. Be3 Rb8 12. Qd2 b5 13. Bh6 b4 14. Ne2 f5 15. Bxg7 Kxg7 16. Nh2 Bb7 17. Nf4 Bc8 18. h5 e5 19. h6+ Kh8 20. Ne2 exd4 21. Nxd4 Ne5 22. Rac1 Ng8 23. f4 Nf7 24. Nc6 Qb6+ 25. Kh1 Rb7 26. exf5 gxf5 27. Nd4 Ngxh6 28. Bxb7 Bxb7+ 29. Nhf3 Re8 30. Rce1 Re4 31. Nb3 Ng4 32. Rxe4 fxe4 33. Qd4+ Qxd4 34. Nfxd4 e3+ 35. Kg1 Bd5 36. Re1 Bc4 37. Nf5 e2 38. Nfd4 d5 39. Nxe2 Nd6 40. Ned4 Ne4 41. Nf5 Kg8 42. Kg2 h5 43. Ne3 Bxb3 44. axb3 Nd2 45. Nxd5 Nxb3 46. Nxb4 a5 47. Nc6 a4 48. Re4 Nc5 49. Re8+ Kg7 50. Re2 Nf6 51. Nd8 Kg6 52. Kf3 Nb3 53. Nc6 Kf7 54. Re7+ Kf8 55. Ra7 Nc5 56. Ne5 Nfe4 57. Nd7+ 1-0